LEADER 01448nam 2200385 a 450 001 9910694861403321 005 20060309141313.0 035 $a(CKB)5470000002365095 035 $a(OCoLC)64583332 035 $a(EXLCZ)995470000002365095 100 $a20060309d2005 ua 0 101 0 $aeng 135 $aurmn|---||||| 181 $ctxt$2rdacontent 182 $cc$2rdamedia 183 $acr$2rdacarrier 200 10$aAviation safety$b[electronic resource] $esystem safety approach needs further integration into FAA's oversight of airlines : report to congressional requesters 210 1$a[Washington, D.C.] :$cU.S. Government Accountability Office,$d[2005] 215 $aii, 48 pages $cdigital, PDF file 300 $aTitle from title screen (viewed on Jan. 17, 2006). 300 $a"September 2005." 300 $aPaper version available from: U.S. Government Accountability Office, 441 G St., NW, Rm. LM, Washington, D.C. 20548. 300 $a"GAO-05-726." 320 $aIncludes bibliographical references. 517 $aAviation safety 606 $aAeronautics$zUnited States$xSafety measures 606 $aAirlines$xSafety measures$xGovernment policy$zUnited States 615 0$aAeronautics$xSafety measures. 615 0$aAirlines$xSafety measures$xGovernment policy 801 0$bGPO 801 1$bGPO 906 $aBOOK 912 $a9910694861403321 996 $aAviation safety$92313029 997 $aUNINA LEADER 01569nam 2200373z- 450 001 9910689551703321 005 20161209101817.0 035 $a(CKB)5860000000018159 035 $a(BIP)008677611 035 $a(EXLCZ)995860000000018159 100 $a20220406c2002uuuu -u- - 101 0 $aeng 200 10$aAssessing the Assistive Technology Act of 1998 $ehearing before the Subcommittee on 21st Century Competitiveness of the Committee on Education and the Workforce, House of Representatives, One Hundred Seventh Congress, second session, hearing held in Washington, DC, March 21, 2002 215 $a1 online resource (iv, 203 p.) $cill 311 $a0-16-068982-1 517 $aAssessing the Assistive Technology Act of 1998 606 $aSelf-help devices for people with disabilities$xLaw and legislation$zUnited States 606 $aRehabilitation technology$zUnited States 606 $aHuman engineering$zUnited States 606 $aTelecommunication in higher education$zUnited States 610 $aSelf-help devices for people with disabilities 610 $aHuman engineering 610 $aRehabilitation 610 $aSocial science 610 $aTechnology & engineering 610 $aMedical 615 0$aSelf-help devices for people with disabilities$xLaw and legislation 615 0$aRehabilitation technology 615 0$aHuman engineering 615 0$aTelecommunication in higher education 906 $aBOOK 912 $a9910689551703321 996 $aAssessing the Assistive Technology Act of 1998$93202251 997 $aUNINA